000 01029cam a2200193 4500500
005 20251214033409.0
041 _afre
042 _adc
100 1 0 _aSchoch, Patrice
_eauthor
700 1 0 _aLe Rudulier, Karine
_eauthor
700 1 0 _aBaron, François
_eauthor
700 1 0 _aKefi, Mohamed Karim
_eauthor
245 0 0 _aToward ethical and fair AI for territorial governance: A low-tech prototype for enhanced decision-making
260 _c2025.
500 _a50
520 _aThis article presents a low-tech prototype designed to structure stakeholder relations and PESTEL vulnerabilities within a framework of territorial governance. Tested in a municipality, it represents an initial building block toward a territorial artificial intelligence system (SIAT) that is ethical, explainable, and tailored to local specificities.
786 0 _nManagement & Avenir | 148 | 4 | 2025-09-08 | p. 45-65 | 1768-5958
856 4 1 _uhttps://shs.cairn.info/journal-management-avenir-2025-4-page-45?lang=en&redirect-ssocas=7080
999 _c1575795
_d1575795